Perspectivs on indian drama in english splendorous reality/ (Record no. 196777)

MARC details
000 -LEADER
fixed length control field 00692nam a22002177a 4500
005 - DATE AND TIME OF LATEST TRANSACTION
control field 20230727123345.0
008 - FIXED-LENGTH DATA ELEMENTS--GENERAL INFORMATION
fixed length control field 090225t xxu||||| |||| 00| 1 eng d
010 ## - LCCN (DPL NO)
LC control number ENG-137615
020 ## - INTERNATIONAL STANDARD BOOK NUMBER
International Standard Book Number 9789380902937
Terms of availability 995.00
035 ## - SYSTEM CONTROL NUMBER
System control number EN-121147
037 ## - SOURCE OF ACQUISITION
Source of stock number/acquisition DBAD/PUB
040 ## - CATALOGING SOURCE
Original cataloging agency DPL
Language of cataloging English
082 ## - DEWEY DECIMAL CLASSIFICATION NUMBER
Classification number 882.009
100 ## - MAIN ENTRY--PERSONAL NAME
9 (RLIN) 29133
Personal name Gopichand, P.
245 ## - TITLE STATEMENT
Title Perspectivs on indian drama in english splendorous reality/
Statement of responsibility, etc by P. Gopichand
260 ## - PUBLICATION, DISTRIBUTION, ETC. (IMPRINT)
Place of publication, distribution, etc Jaipur
Name of publisher, distributor, etc Aadi publication
Date of publication, distribution, etc 2012
270 ## - ADDRESS
Address 18-jain bhawan, opp.N.B.C, Shanti nagar,
City jaipur
Postal code 3022006
300 ## - PHYSICAL DESCRIPTION
Extent 279p.
Dimensions 22cm (pbk)
700 ## - ADDED ENTRY--PERSONAL NAME
9 (RLIN) 29136
Personal name P. Nagasuseela
942 ## - ADDED ENTRY ELEMENTS (KOHA)
Source of classification or shelving scheme Dewey Decimal Classification
Item type English Books
Call number suffix GOP
Classification part 882.009

No items available.


© Delhi Public Library
Hit Counter
free hit counter